000 00421nam a2200181Ia 4500
001 11500
005 20260306162832.0
008 260306t1950||||xx |||||||||||||| ||spa||
041 _aESP
082 _a985.061
_bP78
100 _aPortal Espinosa, Ismael
_eAUT
245 0 _aBolognesi y sus hijos
260 _c1950
300 _a114 páginas :
_ccm.
650 _aGEN
654 _aCHU
942 _cLIB
_dJUS
_fJUS
_2ddc
_n
999 _c11500
_d11500